[Event "ETCC Open 2023"]
[Site "Budva"]
[Date "2023.11.15"]
[Round "5.68"]
[White "Pobor, Milo"]
[Black "Veljanoski, Andrej"]
[Result "0-1"]
[WhiteElo "2195"]
[BlackElo "2289"]
[Annotator "ChessBase"]
[PlyCount "58"]
[EventDate "2023.11.10"]
[EventType "team-tourn"]
[EventCountry "MNE"]
[SourceTitle "playchess.com"]
[Source "ChessBase"]
[SourceQuality "1"]
[WhiteTeam "Montenegro"]
[BlackTeam "Macedonia"]
[WhiteTeamCountry "MNE"]
[BlackTeamCountry "MKD"]

1. e4 e5 2. Nf3 Nc6 3. Bc4 Bc5 4. c3 Nf6 5. d4 exd4 6. e5 d5 7. Bb5 Ne4 8. cxd4 Bb6 9. Nc3 O-O 10. Be3 Bg4 11. h3 Bh5 12. Qc2 Nxc3 13. bxc3 f6 14. exf6 Qxf6 15. Be2 Rae8 16. O-O h6 17. Rae1 Qd6 18. Nh2 Bxe2 19. Rxe2 Na5 20. Rfe1 Nc4 21. Bc1 Rxe2 22. Qxe2 Ba5 23. Qg4 Qf6 24. Qg3 Kh7 25. Ng4 Qg6 26. Kh2 Nd6 27. Ba3 h5 28. Bxd6 cxd6 29. Qh4 Bd8 0-1

[Event "ETCC Open 2023"]
[Site "Budva"]
[Date "2023.11.15"]
[Round "5.69"]
[White "Sipila, Vilka"]
[Black "Saraci, Nderim"]
[Result "1-0"]
[WhiteElo "2429"]
[BlackElo "2466"]
[Annotator "RC"]
[PlyCount "109"]
[EventDate "2023.11.10"]
[EventType "team-tourn"]
[EventCountry "MNE"]
[SourceTitle "playchess.com"]
[Source "ChessBase"]
[SourceQuality "1"]
[WhiteTeam "Finland"]
[BlackTeam "Kosovo"]
[WhiteTeamCountry "FIN"]
[BlackTeamCountry "KOS"]

1. e4 c5 2. Nf3 Nc6 3. d4 cxd4 4. Nxd4 g6 5. c4 Bg7 6. Be3 Nf6 7. Nc3 O-O 8. Be2 d6 9. O-O Bd7 10. Nc2 a5 11. f4 Nb4 12. Nd4 Rc8 13. Rc1 Na6 14. b3 Nc5 15. Bf3 Ne8 16. a3 e5 17. Ndb5 a4 18. Nxa4 Nxa4 19. bxa4 exf4 20. Bxf4 Be5 21. Bxe5 dxe5 22. Qd5 Be6 23. Qxe5 Rxc4 24. Rxc4 Bxc4 25. Rc1 Bb3 26. Qd4 Qxd4+ 27. Nxd4 Bxa4 28. e5 b6 29. Rb1 Nc7 30. Rxb6 Rd8 31. Rb4 Be8 32. Kf2 Kf8 33. Rc4 Nd5 34. Nc6 Bxc6 35. Rxc6 Nf4 36. Rd6 Re8 37. Ke3 g5 38. Kd4 Ne6+ 39. Kc4 Nf4 40. a4 Rxe5 41. Kb4 Ke7 42. Rd1 g4 43. Bc6 Re2 44. a5 Rb2+ 45. Ka3 Rc2 46. Bb7 Ne6 47. a6 Nc7 48. a7 f5 49. g3 h5 50. Bh1 Ke6 51. Re1+ Kd6 52. Rd1+ Ke6 53. Rd8 Rc1 54. Bd5+ Nxd5 55. Kb2 1-0

[Event "ETCC Open 2023"]
[Site "Budva"]
[Date "2023.11.15"]
[Round "5.70"]
[White "Uruci, Endrit"]
[Black "Sammalvuo, Tapani"]
[Result "1-0"]
[WhiteElo "2315"]
[BlackElo "2381"]
[Annotator "RC"]
[PlyCount "159"]
[EventDate "2023.11.10"]
[EventType "team-tourn"]
[EventCountry "MNE"]
[SourceTitle "playchess.com"]
[Source "ChessBase"]
[SourceQuality "1"]
[WhiteTeam "Kosovo"]
[BlackTeam "Finland"]
[WhiteTeamCountry "KOS"]
[BlackTeamCountry "FIN"]

1. e4 e5 2. Nf3 Nf6 3. Nxe5 d6 4. Nd3 Nxe4 5. Qe2 Qe7 6. Nf4 Nc6 7. Nd5 Nd4 8. Nxe7 Nxe2 9. Bxe2 Bxe7 10. d3 Nf6 11. Nc3 c6 12. Bf4 Bf5 13. Bf3 d5 14. O-O O-O 15. Rfe1 Rfe8 16. h3 h6 17. g4 Bd7 18. Ne2 Nh7 19. Ng3 Ng5 20. Bg2 Ne6 21. Be5 f6 22. Bc3 Nf4 23. Nf5 Bf8 24. Bf1 g6 25. Ng3 Kf7 26. Bd2 Bd6 27. Ne2 Ne6 28. Bg2 g5 29. Rad1 Rad8 30. Be3 Bc5 31. c3 Bc8 32. b4 Bb6 33. a4 d4 34. cxd4 Nxd4 35. a5 Nxe2+ 36. Rxe2 Bxe3 37. fxe3 Re5 38. d4 a6 39. Kf2 Re7 40. e4 Rd6 41. Rc2 Be6 42. Rc3 Kg6 43. Bf3 Kg7 44. Rd2 h5 45. Rc5 hxg4 46. hxg4 Bf7 47. Rd1 Bb3 48. Rd2 Bf7 49. Ke3 Bg6 50. Kd3 Rde6 51. Re2 Bh7 52. Rc1 Bg8 53. Kc3 Bf7 54. Rce1 Rd6 55. e5 Rde6 56. Re3 Kf8 57. Bd1 fxe5 58. Rxe5 Rxe5 59. dxe5 Be6 60. Rf1+ Kg7 61. Rf6 Bf7 62. Kd4 Be6 63. Bf3 Bc8 64. Bd1 Be6 65. Be2 Rd7+ 66. Ke3 Re7 67. Ke4 Re8 68. Kd4 Rd8+ 69. Kc3 Re8 70. Bf3 Re7 71. Kd4 Re8 72. Be4 Bxg4 73. Rg6+ Kf8 74. Rxg5 Be6 75. Kc5 Rd8 76. Rh5 Rd1 77. Rh8+ Bg8 78. e6 Re1 79. Kd4 Kg7 80. e7 1-0

[Event "ETCC Open 2023"]
[Site "Budva"]
[Date "2023.11.15"]
[Round "5.71"]
[White "Valkama, Eero"]
[Black "Asllani, Muhamet"]
[Result "1/2-1/2"]
[WhiteElo "2310"]
[BlackElo "2216"]
[Annotator "RC"]
[PlyCount "152"]
[EventDate "2023.11.10"]
[EventType "team-tourn"]
[EventCountry "MNE"]
[SourceTitle "playchess.com"]
[Source "ChessBase"]
[SourceQuality "1"]
[WhiteTeam "Finland"]
[BlackTeam "Kosovo"]
[WhiteTeamCountry "FIN"]
[BlackTeamCountry "KOS"]

1. e4 e5 2. Nf3 Nc6 3. Bc4 Nf6 4. d3 Bc5 5. c3 O-O 6. O-O d6 7. h3 h6 8. Re1 a6 9. Bb3 Re8 10. Nbd2 Nh5 11. d4 exd4 12. cxd4 Bb4 13. Re3 Nf4 14. Qc2 Qf6 15. e5 dxe5 16. dxe5 Qg6 17. Qxg6 Nxg6 18. a3 Bf8 19. Ne4 Ncxe5 20. Nxe5 Rxe5 21. Bd2 Be6 22. Bc2 Bd5 23. Nc3 Rxe3 24. Bxe3 Bc6 25. Rd1 Re8 26. Nd5 Bd6 27. Bb3 Ne7 28. Nb6 Nf5 29. Nc4 Nxe3 30. Nxe3 Bc5 31. Nf5 h5 32. Nd4 Be4 33. Nc2 Bxc2 34. Bxc2 Re2 35. Rd8+ Bf8 36. Bd1 Rxb2 37. Bxh5 g6 38. Bf3 c6 39. Kf1 Kg7 40. Rd3 Bc5 41. Be2 Ra2 42. Rd7 b5 43. f4 Rxa3 44. Bf3 b4 45. Bxc6 b3 46. Rb7 a5 47. Ke2 Bb4 48. Bd5 b2 49. Rxf7+ Kh8 50. Be4 Ra1 51. Bxg6 b1=Q 52. Bxb1 Rxb1 53. Ra7 Rb3 54. f5 Rg3 55. Ra8+ Kg7 56. Kf2 Ra3 57. h4 a4 58. g4 Ra1 59. g5 Bc5+ 60. Ke2 a3 61. Kd3 Rh1 62. Ra5 Rh3+ 63. Kc2 Rh2+ 64. Kb3 Rh3+ 65. Ka2 Rh2+ 66. Kb3 Bd6 67. Ra7+ Kg8 68. Ra8+ Kf7 69. Ra7+ Ke8 70. g6 Be5 71. g7 Bxg7 72. Rxg7 Rxh4 73. Kxa3 Rf4 74. Rh7 Rxf5 75. Rh8+ Rf8 76. Rxf8+ Kxf8 1/2-1/2

[Event "ETCC Open 2023"]
[Site "Budva"]
[Date "2023.11.15"]
[Round "5.72"]
[White "Saraci, Korab"]
[Black "Wartiovaara, Oliver"]
[Result "1-0"]
[WhiteElo "2200"]
[BlackElo "2270"]
[Annotator "ChessBase"]
[PlyCount "91"]
[EventDate "2023.11.10"]
[EventType "team-tourn"]
[EventCountry "MNE"]
[SourceTitle "playchess.com"]
[Source "ChessBase"]
[SourceQuality "1"]
[WhiteTeam "Kosovo"]
[BlackTeam "Finland"]
[WhiteTeamCountry "KOS"]
[BlackTeamCountry "FIN"]

1. e4 c5 2. c3 d5 3. exd5 Nf6 4. Nf3 Nxd5 5. d4 cxd4 6. cxd4 g6 7. Nc3 Bg7 8. Be2 O-O 9. O-O Nc6 10. Bg5 Be6 11. Qd2 Rc8 12. Rac1 Nxc3 13. bxc3 Na5 14. Qb2 h6 15. Bh4 g5 16. Bg3 b6 17. h4 Nc4 18. Bxc4 Bxc4 19. Rfe1 e6 20. hxg5 hxg5 21. Ne5 Qd5 22. Qd2 f6 23. Ng4 Qf5 24. Ne3 Qd3 25. Qb2 Ba6 26. Qa3 Rfe8 27. Red1 Bf8 28. Bd6 Bxd6 29. Qxd6 Qb5 30. c4 Qc6 31. Qa3 Bb7 32. d5 Qc5 33. Qxa7 Rc7 34. Qa4 Ra8 35. Qc2 exd5 36. Qg6+ Rg7 37. Qxf6 Qf8 38. Qxf8+ Kxf8 39. cxd5 Rxa2 40. d6 Ke8 41. Rb1 Ra6 42. Nc4 g4 43. Nxb6 g3 44. f3 Rh7 45. d7+ Kd8 46. Rdc1 1-0

[Event "ETCC Open 2023"]
[Site "Budva"]
[Date "2023.11.15"]
[Round "5.73"]
[White "Muir, Andrew J"]
[Black "Nielsen, Hogni Egilstoft"]
[Result "0-1"]
[WhiteElo "2227"]
[BlackElo "2387"]
[Annotator "RC"]
[PlyCount "62"]
[EventDate "2023.11.10"]
[EventType "team-tourn"]
[EventCountry "MNE"]
[SourceTitle "playchess.com"]
[Source "ChessBase"]
[SourceQuality "1"]
[WhiteTeam "Scotland"]
[BlackTeam "Faroe Islands"]
[WhiteTeamCountry "SCO"]
[BlackTeamCountry "FAI"]

1. d4 Nf6 2. c4 e6 3. Nc3 Bb4 4. e3 O-O 5. Bd3 c5 6. Nge2 d5 7. cxd5 cxd4 8. exd4 Nxd5 9. O-O Nc6 10. a3 Nxc3 11. Nxc3 Bd6 12. Be3 e5 13. dxe5 Nxe5 14. Be2 Be6 15. Nb5 Be7 16. Bxa7 Nc6 17. Be3 Bf6 18. Bc5 Qxd1 19. Raxd1 Rfc8 20. b4 Ne5 21. Rc1 Bd5 22. Rfd1 Bb3 23. Re1 Rd8 24. Bb6 Rd7 25. Nd4 Ba4 26. Bb5 Bxb5 27. Nxb5 h6 28. Rc7 Rxc7 29. Bxc7 Nc4 30. Re2 Nxa3 31. Ra2 Re8 0-1

[Event "ETCC Open 2023"]
[Site "Budva"]
[Date "2023.11.15"]
[Round "5.75"]
[White "Mitchell, Martin"]
[Black "Egilstoft, Rogvi"]
[Result "0-1"]
[WhiteElo "2186"]
[BlackElo "2254"]
[Annotator "ChessBase"]
[PlyCount "64"]
[EventDate "2023.11.10"]
[EventType "team-tourn"]
[EventCountry "MNE"]
[SourceTitle "playchess.com"]
[Source "ChessBase"]
[SourceQuality "1"]
[WhiteTeam "Scotland"]
[BlackTeam "Faroe Islands"]
[WhiteTeamCountry "SCO"]
[BlackTeamCountry "FAI"]

1. d4 e6 2. c4 Nf6 3. Nc3 Bb4 4. Nf3 b6 5. Qb3 Qe7 6. Bf4 d5 7. e3 O-O 8. Bg5 Bb7 9. Bxf6 gxf6 10. a3 Bxc3+ 11. Qxc3 dxc4 12. Bxc4 Kh8 13. Be2 Rg8 14. O-O c5 15. dxc5 Nd7 16. c6 Rac8 17. Nd4 Ne5 18. Bb5 a6 19. Qb4 Qc7 20. cxb7 Qxb7 21. f3 axb5 22. Qxb5 Nc4 23. Rae1 Rg5 24. Qb4 e5 25. Nb5 Qd5 26. b3 Nd2 27. Rd1 Nxf3+ 28. Kh1 Rxg2 29. Kxg2 Nd4+ 30. Kh3 Rg8 31. Rf2 Qe6+ 32. Kh4 Qg4# 0-1

[Event "ETCC Open 2023"]
[Site "Budva"]
[Date "2023.11.15"]
[Round "5.76"]
[White "Rodgaard, John"]
[Black "Grant, Jonathan I M"]
[Result "1/2-1/2"]
[WhiteElo "2281"]
[BlackElo "2150"]
[Annotator "ChessBase"]
[PlyCount "129"]
[EventDate "2023.11.10"]
[EventType "team-tourn"]
[EventCountry "MNE"]
[SourceTitle "playchess.com"]
[Source "ChessBase"]
[SourceQuality "1"]
[WhiteTeam "Faroe Islands"]
[BlackTeam "Scotland"]
[WhiteTeamCountry "FAI"]
[BlackTeamCountry "SCO"]

1. Nf3 d5 2. d4 Nf6 3. c4 e6 4. Nc3 a6 5. cxd5 exd5 6. Bg5 Be6 7. e3 Nbd7 8. Bd3 Bd6 9. O-O c6 10. Bf4 Qc7 11. Qd2 h6 12. Rfe1 O-O 13. h3 Rfe8 14. Bxd6 Qxd6 15. Rac1 g6 16. a3 Kg7 17. Qc2 Re7 18. Na4 Ne4 19. b4 f5 20. Nc5 Ndf6 21. Ne5 Rf8 22. f3 Nxc5 23. bxc5 Qc7 24. Rb1 Bc8 25. Rb2 Nd7 26. f4 Nxe5 27. fxe5 Qd8 28. Rf1 Kh8 29. g3 Rg7 30. Qh2 h5 31. Rbf2 Rh7 32. Rf4 Rg8 33. Qg2 Qa5 34. Qb2 Qd8 35. Kh2 Rgg7 36. Qg2 Be6 37. Kg1 Qa5 38. Qb2 Qd8 39. Bb1 Rg8 40. Qg2 Qa5 41. Qb2 Qd8 42. Qd2 Kg7 43. Qe1 Kf8 44. Bc2 Ke8 45. Kh2 Kd7 46. Bd3 Rgh8 47. Qe2 Qa5 48. Qb2 Kc8 49. Rb1 Kb8 50. Qb4 Qxb4 51. Rxb4 Kc7 52. Rb1 Rh6 53. Rf2 Bc8 54. Kg2 R6h7 55. Rh1 Rg7 56. Be2 Rgh7 57. Bf3 Kd8 58. Kf1 Ke7 59. Ke2 Rf8 60. Kd2 h4 61. Rg2 Kf7 62. g4 Kg7 63. Rhg1 Kh6 64. Ke2 Rhf7 65. g5+ 1/2-1/2

[Event "ETCC Open 2023"]
[Site "Budva"]
[Date "2023.11.17"]
[Round "6.1"]
[White "Keymer, Vincent"]
[Black "Rapport, Richard"]
[Result "1-0"]
[WhiteElo "2721"]
[BlackElo "2748"]
[Annotator "TA"]
[PlyCount "169"]
[EventDate "2023.11.10"]
[EventType "team-tourn"]
[EventCountry "MNE"]
[SourceTitle "playchess.com"]
[Source "ChessBase"]
[SourceQuality "1"]
[WhiteTeam "Germany"]
[BlackTeam "Romania"]
[WhiteTeamCountry "GER"]
[BlackTeamCountry "ROU"]

1. d4 Nf6 2. c4 g6 3. Nc3 d5 4. Nf3 Bg7 5. h4 O-O 6. cxd5 Nxd5 7. h5 c5 8. hxg6 hxg6 9. Bh6 Nxc3 10. bxc3 Bxh6 11. Rxh6 Kg7 12. Qd2 cxd4 13. cxd4 Nc6 14. Rh4 Qa5 15. e4 f6 16. d5 Qxd2+ 17. Kxd2 Nd8 18. Bd3 e5 19. Rah1 Nf7 20. Rh7+ Kg8 21. Bc4 Rd8 22. Ne1 Rd6 23. Nd3 Bd7 24. Nc5 Rc8 25. Nxb7 Rb6 26. Na5 Rc5 27. d6 Rxd6+ 28. Ke3 Rxc4 29. Nxc4 Ra6 30. a4 Bxa4 31. Kd2 Bb5 32. Nb2 Ra2 33. Kc3 Bd7 34. f3 a5 35. R7h2 Ra3+ 36. Kc2 Be6 37. Nd3 Ra2+ 38. Kb1 Rd2 39. Nc5 Bc4 40. Kc1 Rd6 41. Kb2 Rc6 42. Na4 Bb5 43. Nc3 Bc4 44. Ra1 Rb6+ 45. Kc1 Ra6 46. Rh1 Bb3 47. Kd2 a4 48. Rhb1 Rd6+ 49. Ke1 Rd4 50. Ne2 Rb4 51. Nc1 Nd6 52. Nxb3 axb3 53. Ra3 b2 54. Ra8+ Kg7 55. Kd2 f5 56. exf5 Nxf5 57. Ra2 e4 58. Raxb2 Rxb2+ 59. Rxb2 exf3 60. gxf3 Kf6 61. Rb6+ Kg5 62. Ke2 Ne7 63. Re6 Nf5 64. Ra6 Ng3+ 65. Ke3 Kf5 66. Ra8 Ke5 67. f4+ Kf6 68. Kf3 Nh5 69. Ra5 Kf7 70. Ra7+ Kf6 71. Kg4 Ng7 72. Ra6+ Kf7 73. Rb6 Ne6 74. Kf3 Nf8 75. Rb7+ Ke6 76. Ra7 Kf6 77. Ke4 Ke6 78. Ra6+ Ke7 79. Kd5 Kf7 80. Rd6 Ke7 81. Ke5 Kf7 82. Rf6+ Ke7 83. Rxf8 Kxf8 84. Kf6 g5 85. fxg5 1-0

[Event "ETCC Open 2023"]
[Site "Budva"]
[Date "2023.11.17"]
[Round "6.2"]
[White "Deac, Bogdan-Daniel"]
[Black "Svane, Rasmus"]
[Result "1/2-1/2"]
[WhiteElo "2700"]
[BlackElo "2647"]
[Annotator "TA"]
[PlyCount "114"]
[EventDate "2023.11.10"]
[EventType "team-tourn"]
[EventCountry "MNE"]
[SourceTitle "playchess.com"]
[Source "ChessBase"]
[SourceQuality "1"]
[WhiteTeam "Romania"]
[BlackTeam "Germany"]
[WhiteTeamCountry "ROU"]
[BlackTeamCountry "GER"]

1. c4 Nf6 2. Nf3 e6 3. g3 d5 4. Bg2 Be7 5. d4 O-O 6. O-O dxc4 7. Qc2 b5 8. a4 Bb7 9. axb5 a6 10. bxa6 Nxa6 11. Qxc4 Bd5 12. Qc3 c5 13. Be3 Ne4 14. Qc1 cxd4 15. Bxd4 Nec5 16. Bxc5 Nxc5 17. Nc3 Bxf3 18. Bxf3 Rxa1 19. Qxa1 Qb6 20. Qa2 Bf6 21. Qa3 Be7 22. e3 Rb8 23. Rb1 Ne4 24. Qxe7 Nxc3 25. Ra1 Qxb2 26. Ra7 Rf8 27. Kg2 Nd5 28. Bxd5 exd5 29. Rd7 Qf6 30. Qc5 Rd8 31. Rxd5 Rxd5 32. Qxd5 g6 33. e4 h6 34. h3 Kg7 35. e5 Qf5 36. Qd4 Kg8 37. g4 Qb1 38. Qd8+ Kg7 39. Qf6+ Kg8 40. Qd8+ Kg7 41. Qd5 Qb4 42. Qf3 Qd4 43. Qe3 Qd5+ 44. Kh2 g5 45. h4 gxh4 46. Qf4 Qc6 47. Qf5 Kg8 48. Qd3 Kg7 49. Qd8 h3 50. Qf6+ Qxf6 51. exf6+ Kxf6 52. Kxh3 Kg5 53. Kg3 f5 54. gxf5 Kxf5 55. Kh4 Kf4 56. Kh5 Kf3 57. Kxh6 Kxf2 1/2-1/2

[Event "ETCC Open 2023"]
[Site "Budva"]
[Date "2023.11.17"]
[Round "6.3"]
[White "Bluebaum, Matthias"]
[Black "Shevchenko, Kirill"]
[Result "1/2-1/2"]
[WhiteElo "2670"]
[BlackElo "2665"]
[Annotator "TA"]
[PlyCount "156"]
[EventDate "2023.11.10"]
[EventType "team-tourn"]
[EventCountry "MNE"]
[SourceTitle "playchess.com"]
[Source "ChessBase"]
[SourceQuality "1"]
[WhiteTeam "Germany"]
[BlackTeam "Romania"]
[WhiteTeamCountry "GER"]
[BlackTeamCountry "ROU"]

1. d4 Nf6 2. c4 e6 3. Nc3 d5 4. cxd5 exd5 5. Bg5 Bb4 6. e3 h6 7. Bh4 g5 8. Bg3 h5 9. h3 Ne4 10. Nge2 Nc6 11. Bh2 g4 12. Bf4 gxh3 13. Rc1 Be6 14. a3 Nxc3 15. Nxc3 Bd6 16. Qf3 Bxf4 17. Qxf4 hxg2 18. Bxg2 h4 19. b4 h3 20. Bf3 Rg8 21. Kd2 Qg5 22. Ne2 O-O-O 23. b5 Qxf4 24. Nxf4 Na5 25. Kc3 Nc4 26. Bxd5 Bxd5 27. Nxd5 Rxd5 28. Kxc4 Rh5 29. Rh2 Rg2 30. Rxg2 hxg2 31. Rg1 Rg5 32. f4 Rg8 33. Kd3 Kd7 34. Ke2 c6 35. bxc6+ Kxc6 36. Kf2 a5 37. Rc1+ Kd5 38. Rc5+ Ke4 39. Re5+ Kd3 40. Kg1 f6 41. Re6 b5 42. Rb6 Kxe3 43. Rxb5 a4 44. f5 Rg4 45. d5 Kf3 46. Rc5 Rd4 47. Rc3+ Ke4 48. Kxg2 Rxd5 49. Rc6 Ke5 50. Ra6 Rd4 51. Ra5+ Kf4 52. Kf2 Re4 53. Kg2 Rc4 54. Kf2 Rd4 55. Ke2 Ke4 56. Kf2 Kf4 57. Ke2 Kg4 58. Ke3 Rc4 59. Ke2 Rf4 60. Ke1 Rd4 61. Ke2 Kf4 62. Kf2 Re4 63. Kg2 Kg5 64. Kf3 Rc4 65. Ke2 Rh4 66. Kf2 Rc4 67. Ke2 Kg4 68. Kd3 Rf4 69. Ke2 Kh4 70. Kd2 Kh5 71. Kd1 Kg5 72. Ke1 Kh4 73. Kd2 Kg3 74. Ke3 Rf3+ 75. Ke2 Rf2+ 76. Kd3 Rf4 77. Ke3 Kg4 78. Ke2 Kh4 1/2-1/2

[Event "ETCC Open 2023"]
[Site "Budva"]
[Date "2023.11.17"]
[Round "6.4"]
[White "Nisipeanu, Liviu-Dieter"]
[Black "Kollars, Dmitrij"]
[Result "1-0"]
[WhiteElo "2591"]
[BlackElo "2642"]
[Annotator "TA"]
[PlyCount "147"]
[EventDate "2023.11.10"]
[EventType "team-tourn"]
[EventCountry "MNE"]
[SourceTitle "playchess.com"]
[Source "ChessBase"]
[SourceQuality "1"]
[WhiteTeam "Romania"]
[BlackTeam "Germany"]
[WhiteTeamCountry "ROU"]
[BlackTeamCountry "GER"]

1. e4 e5 2. Nf3 Nc6 3. Nc3 Nf6 4. d4 exd4 5. Nxd4 Bb4 6. Nxc6 bxc6 7. Bd3 d5 8. exd5 O-O 9. O-O cxd5 10. h3 Re8 11. Qf3 c6 12. Bf4 Bd6 13. b3 Be6 14. Rfd1 Qc7 15. Ne2 a5 16. c4 Rad8 17. Bxd6 Qxd6 18. Nd4 Bd7 19. cxd5 cxd5 20. Bf5 Bxf5 21. Nxf5 Qe5 22. Nd4 Rc8 23. Rd3 g6 24. Rad1 Kg7 25. Re3 Ne4 26. Qe2 Qf6 27. Qe1 Qb6 28. f3 Nf6 29. Rxe8 Rxe8 30. Qf2 Qc7 31. Re1 Qc3 32. Rxe8 Nxe8 33. Nb5 Qc1+ 34. Kh2 Qf4+ 35. Kg1 Qc1+ 36. Kh2 Qf4+ 37. Kh1 Kg8 38. Qd4 Qc1+ 39. Kh2 Nc7 40. Nd6 Qc6 41. Qf4 Qd7 42. Nb7 Qc8 43. Nxa5 Ne6 44. Qd6 Qc2 45. Nc6 Qxa2 46. Ne7+ Kg7 47. Qe5+ Kf8 48. Nxd5 Kg8 49. b4 h5 50. b5 Qa7 51. Qf6 Kh7 52. b6 Qd7 53. Ne7 Nd8 54. Qe5 Ne6 55. Nd5 Qb7 56. f4 h4 57. Nf6+ Kg7 58. Ng4+ Kg8 59. Qf6 Qxb6 60. Nh6+ Kh7 61. Nxf7 Qd4 62. Qxe6 Qxf4+ 63. Kg1 Qc1+ 64. Kf2 Qc2+ 65. Kf3 Qd3+ 66. Kf2 Qc2+ 67. Ke3 Qxg2 68. Ne5 Qg1+ 69. Ke4 Qg2+ 70. Kd4 Qd2+ 71. Kc5 Qc2+ 72. Kd6 Kh6 73. Ng4+ Kg5 74. Qe3+ 1-0

[Event "ETCC Open 2023"]
[Site "Budva"]
[Date "2023.11.17"]
[Round "6.5"]
[White "Dardha, Daniel"]
[Black "Kadric, Denis"]
[Result "1-0"]
[WhiteElo "2575"]
[BlackElo "2584"]
[Annotator "RC"]
[PlyCount "117"]
[EventDate "2023.11.10"]
[EventType "team-tourn"]
[EventCountry "MNE"]
[SourceTitle "playchess.com"]
[Source "ChessBase"]
[SourceQuality "1"]
[WhiteTeam "Belgium"]
[BlackTeam "Montenegro"]
[WhiteTeamCountry "BEL"]
[BlackTeamCountry "MNE"]

1. Nf3 Nf6 2. c4 g6 3. d4 Bg7 4. g3 O-O 5. Bg2 d6 6. Nc3 Nbd7 7. O-O e5 8. e4 Re8 9. d5 Nc5 10. Re1 a5 11. b3 Bd7 12. Rb1 Rf8 13. a3 a4 14. b4 Nb3 15. c5 Qe7 16. Be3 Ng4 17. Bg5 f6 18. cxd6 cxd6 19. Bd2 Rfc8 20. Rxb3 axb3 21. h3 Nh6 22. Qxb3 b5 23. Bf1 Qe8 24. Kg2 Nf7 25. Bd3 Rc7 26. Ra1 Bh6 27. Be1 f5 28. Qb2 Rac8 29. a4 bxa4 30. b5 Rxc3 31. Bxc3 fxe4 32. Bxe4 Bxb5 33. Bd2 Bg7 34. Qb1 Bc4 35. Qb7 Rb8 36. Qc7 Bb3 37. h4 Qc8 38. Qa7 Ra8 39. Qe7 Qc4 40. Re1 Bc2 41. Bxc2 Qxc2 42. Rc1 Qf5 43. Rc7 h6 44. h5 g5 45. Qe6 Qxe6 46. dxe6 Nd8 47. e7 Nf7 48. Nh2 e4 49. Bb4 Re8 50. Ng4 Ne5 51. Ne3 Nf7 52. Nd5 Be5 53. Rd7 Nh8 54. Nc7 Kf7 55. Bxd6 Bxd6 56. Nxe8 Bxe7 57. Nc7 a3 58. Nd5 a2 59. Rxe7+ 1-0

[Event "ETCC Open 2023"]
[Site "Budva"]
[Date "2023.11.17"]
[Round "6.6"]
[White "Djukic, Nikola"]
[Black "Glek, Igor"]
[Result "*"]
[WhiteElo "2518"]
[BlackElo "2435"]
[Annotator "RC"]
[PlyCount "86"]
[EventDate "2023.11.10"]
[EventType "team-tourn"]
[EventCountry "MNE"]
[SourceTitle "playchess.com"]
[Source "ChessBase"]
[SourceQuality "1"]
[WhiteTeam "Montenegro"]
[BlackTeam "Belgium"]
[WhiteTeamCountry "MNE"]
[BlackTeamCountry "BEL"]

1. e4 e6 2. d4 d5 3. Nc3 Nf6 4. e5 Nfd7 5. f4 c5 6. Nf3 Nc6 7. Be3 Be7 8. dxc5 Bxc5 9. Qd2 O-O 10. O-O-O Qb6 11. Nd4 Nxd4 12. Bxd4 Bxd4 13. Qxd4 Qxd4 14. Rxd4 Nc5 15. Be2 a5 16. h4 Bd7 17. a3 Rfc8 18. Rh3 Rc7 19. Re3 Rac8 20. Kb1 Kf8 21. g4 Bc6 22. Bf3 Nd7 23. g5 Nb6 24. Be2 Ke7 25. h5 h6 26. gxh6 gxh6 27. Rg3 Rh8 28. Rd1 Rcc8 29. Bd3 Rcg8 30. Rdg1 Kf8 31. Ne2 Rxg3 32. Rxg3 Rg8 33. Rxg8+ Kxg8 34. Nd4 Kf8 35. Nb3 a4 36. Nd4 Ke7 37. b3 f6 38. exf6+ Kxf6 39. Nxc6 bxc6 40. Kb2 c5 41. Bb5 axb3 42. Kxb3 e5 43. fxe5+ Kxe5 *

[Event "ETCC Open 2023"]
[Site "Budva"]
[Date "2023.11.17"]
[Round "6.7"]
[White "Beukema, Jasper"]
[Black "Draskovic, Luka"]
[Result "0-1"]
[WhiteElo "2357"]
[BlackElo "2476"]
[Annotator "RC"]
[PlyCount "118"]
[EventDate "2023.11.10"]
[EventType "team-tourn"]
[EventCountry "MNE"]
[SourceTitle "playchess.com"]
[Source "ChessBase"]
[SourceQuality "1"]
[WhiteTeam "Belgium"]
[BlackTeam "Montenegro"]
[WhiteTeamCountry "BEL"]
[BlackTeamCountry "MNE"]

1. d4 d5 2. c4 e6 3. Nc3 Nf6 4. cxd5 exd5 5. Bg5 c6 6. Qc2 h6 7. Bh4 Be7 8. e3 O-O 9. Bd3 Nbd7 10. Nge2 Re8 11. O-O Ne4 12. Bxe4 Bxh4 13. Bh7+ Kh8 14. Bf5 Nb6 15. Bxc8 Rxc8 16. Na4 Nc4 17. Nc5 Qe7 18. g3 Bg5 19. b3 Nd6 20. Kg2 h5 21. Ng1 g6 22. Nf3 Bf6 23. Rac1 Kg7 24. h4 Rc7 25. Nd3 Qd8 26. Qc5 a6 27. Qb6 Ne4 28. Nc5 Nxc5 29. Qxc5 Be7 30. Qa5 Bd6 31. b4 Qe7 32. a3 Qe4 33. Qa4 Rce7 34. Qd1 f6 35. Qc2 Qg4 36. Nh2 Qd7 37. Rh1 Re4 38. Rb1 Qe7 39. Nf3 Qd7 40. a4 b5 41. Rhc1 Rc8 42. axb5 axb5 43. Qc3 Qe7 44. Rb2 Kh6 45. Ra1 Qd7 46. Ra6 Qb7 47. Rba2 Re7 48. Ne1 Rg7 49. Nd3 Qd7 50. Rc2 Qe8 51. Kf1 Rgc7 52. Rca2 Qe4 53. Ra7 Qf3 54. Ne1 Qe4 55. Rxc7 Rxc7 56. Ra6 Qb1 57. e4 Bxb4 58. Qe3+ Kg7 59. exd5 Re7 0-1

[Event "ETCC Open 2023"]
[Site "Budva"]
[Date "2023.11.17"]
[Round "6.8"]
[White "Blagojevic, Dragisa"]
[Black "Lenaerts, Lennert"]
[Result "*"]
[WhiteElo "2438"]
[BlackElo "2322"]
[Annotator "RC"]
[PlyCount "93"]
[EventDate "2023.11.10"]
[EventType "team-tourn"]
[EventCountry "MNE"]
[SourceTitle "playchess.com"]
[Source "ChessBase"]
[SourceQuality "1"]
[WhiteTeam "Montenegro"]
[BlackTeam "Belgium"]
[WhiteTeamCountry "MNE"]
[BlackTeamCountry "BEL"]

1. d4 Nf6 2. c4 e6 3. Nf3 d5 4. g3 Be7 5. Bg2 O-O 6. O-O dxc4 7. Qc2 a6 8. a4 Bd7 9. Qxc4 Bc6 10. Bf4 Bd6 11. Bg5 Nbd7 12. Nc3 h6 13. Bxf6 Nxf6 14. b4 Bd5 15. Nxd5 exd5 16. Qb3 Qe7 17. e3 Bxb4 18. Ne5 Bd6 19. Qxb7 Rfb8 20. Qc6 Bxe5 21. dxe5 Qxe5 22. Rfd1 Rd8 23. Rab1 Qd6 24. Rdc1 Ra7 25. a5 Qxc6 26. Rxc6 Kf8 27. Rbc1 Rd7 28. Bh3 Re7 29. Bc8 Re4 30. Ra1 Re8 31. Rxa6 Rxa6 32. Bxa6 Ra8 33. Bb7 Ra7 34. a6 Ke7 35. Rc1 Kd6 36. Rc6+ Kd7 37. f3 Ne8 38. Rc5 Nd6 39. Rxd5 c6 40. Rd2 Kc7 41. Kf2 Nxb7 42. axb7 Rxb7 43. h4 c5 44. Ke2 Kc6 45. Rd8 c4 46. Kd2 Rb2+ 47. Kc3 *

[Event "ETCC Open 2023"]
[Site "Budva"]
[Date "2023.11.17"]
[Round "6.9"]
[White "Carlsen, Magnus"]
[Black "Georgiadis, Nico"]
[Result "1-0"]
[WhiteElo "2829"]
[BlackElo "2556"]
[Annotator "TA"]
[PlyCount "139"]
[EventDate "2023.11.10"]
[EventType "team-tourn"]
[EventCountry "MNE"]
[SourceTitle "playchess.com"]
[Source "ChessBase"]
[SourceQuality "1"]
[WhiteTeam "Norway"]
[BlackTeam "Switzerland"]
[WhiteTeamCountry "NOR"]
[BlackTeamCountry "SUI"]

1. e4 c5 2. Nf3 d6 3. Bc4 Nf6 4. d3 Nc6 5. O-O e6 6. a4 Be7 7. Bb3 d5 8. Nbd2 b6 9. Re1 dxe4 10. dxe4 Ba6 11. e5 Nd5 12. Nc4 O-O 13. c3 Na5 14. Nxa5 bxa5 15. Bc2 Nb6 16. Nd2 Bd3 17. Ne4 Bxc2 18. Qxc2 c4 19. Re3 Qd5 20. Rg3 Qxe5 21. Bh6 g6 22. Bxf8 Rxf8 23. Nd2 Rd8 24. Re3 Qd5 25. Nf3 Bf6 26. g3 Kg7 27. Qe2 Qc5 28. Re4 Rd3 29. Ne5 Bxe5 30. Rxe5 Nd5 31. Re4 Nb6 32. Re5 Nd5 33. Re1 Qc6 34. Re4 Nb6 35. Rd4 Rxd4 36. Qe5+ Kg8 37. Qxd4 Qxa4 38. h4 h5 39. g4 hxg4 40. h5 gxh5 41. Re5 Nd5 42. Rxh5 Kf8 43. Rh7 Ke8 44. Qxg4 Nf6 45. Rh8+ Ke7 46. Qg5 Qd1+ 47. Kg2 Qg4+ 48. Qxg4 Nxg4 49. Ra8 Ne5 50. Rxa7+ Kd6 51. Rxa5 Nd3 52. Ra2 f5 53. Ra6+ Kd5 54. Rb6 e5 55. f3 Kc5 56. Rb8 Kd5 57. Kf1 f4 58. Ke2 Nc5 59. Rd8+ Ke6 60. Kf1 Na4 61. Rb8 Nc5 62. Kg2 Nd3 63. Kh3 Kf5 64. Kh4 Ne1 65. Rf8+ Kg6 66. Kg4 Nd3 67. Rc8 Nxb2 68. Rc6+ Kf7 69. Kf5 Nd1 70. Rc7+ 1-0